| 000 -LEADER |
| fixed length control field |
00836cam a22002295i 4500 |
| 001 - CONTROL NUMBER |
| control field |
19222398 |
| 005 - DATE AND TIME OF LATEST TRANSACTION |
| control field |
20220428124229.0 |
| 008 - FIXED-LENGTH DATA ELEMENTS--GENERAL INFORMATION |
| fixed length control field |
160809s2016 enka 001 0 eng |
| 020 ## - INTERNATIONAL STANDARD BOOK NUMBER |
| International Standard Book Number |
9789385999321 |
| 041 ## - LANGUAGE CODE |
| Language code of text/sound track or separate title |
eng |
| 080 ## - UNIVERSAL DECIMAL CLASSIFICATION NUMBER |
| Universal Decimal Classification number |
611.018+576 S-62 |
| 100 1# - MAIN ENTRY--PERSONAL NAME |
| Personal name |
Singh, Inderbir. |
| 9 (RLIN) |
13692 |
| 245 10 - TITLE STATEMENT |
| Title |
Inderbir Singh's textbook of human histology : |
| Remainder of title |
with colour atlas and practical guide / |
| Statement of responsibility, etc. |
Inderbir Singh's; edited by Neelam Vasudeva, Sabita Mishra. |
| 250 ## - EDITION STATEMENT |
| Edition statement |
Eighth edition. |
| 264 #1 - PRODUCTION, PUBLICATION, DISTRIBUTION, MANUFACTURE, AND COPYRIGHT NOTICE |
| Place of production, publication, distribution, manufacture |
New Delhi : |
| Name of producer, publisher, distributor, manufacturer |
The Health Sciences Publishers, |
| Date of production, publication, distribution, manufacture, or copyright notice |
2016. |
| 300 ## - PHYSICAL DESCRIPTION |
| Extent |
302 p : |
| Other physical details |
color illustrations ; |
| Dimensions |
24 cm. |
| 653 ## - INDEX TERM--UNCONTROLLED |
| keyword |
Histology |
| 653 ## - INDEX TERM--UNCONTROLLED |
| keyword |
ჰისტოლოგია |
| 700 1# - ADDED ENTRY--PERSONAL NAME |
| Personal name |
Vasudeva, Neelam. |
| Relator term |
რედაქტორი |
| 9 (RLIN) |
13693 |
| 700 1# - ADDED ENTRY--PERSONAL NAME |
| Personal name |
Mishra, Sabita. |
| Relator term |
რედაქტორი |
| 9 (RLIN) |
13694 |
| 942 ## - ADDED ENTRY ELEMENTS (KOHA) |
| Source of classification or shelving scheme |
|
| Koha item type |
წიგნი |